Le Système Pénal Des États-unis D'amerique / (Record no. 70951)
[ view plain ]
| 000 -LEADER | |
|---|---|
| fixed length control field | 01467nam a2200349 i 4500 |
| 003 - CONTROL NUMBER IDENTIFIER | |
| control field | EG-GICUC |
| 005 - DATE AND TIME OF LATEST TRANSACTION | |
| control field | 20260416160106.0 |
| 008 - FIXED-LENGTH DATA ELEMENTS--GENERAL INFORMATION | |
| fixed length control field | 260414s1964 fr d|||fr|||| 000 0 Fre d |
| 040 ## - CATALOGING SOURCE | |
| Original cataloging agency | EG-GiCUC |
| Language of cataloging | fre |
| Transcribing agency | EG-GiCUC |
| Modifying agency | EG-GiCUC |
| Description conventions | Rda |
| 041 0# - LANGUAGE CODE | |
| Language code of text/sound track or separate title | fre |
| 082 04 - DEWEY DECIMAL CLASSIFICATION NUMBER | |
| Edition number | 21 |
| Classification number | 343.4073 |
| Item number | I N . S |
| 092 04 - LOCALLY ASSIGNED DEWEY CALL NUMBER (OCLC) | |
| Edition number | 21 |
| 099 ## - LOCAL FREE-TEXT CALL NUMBER (OCLC) | |
| Classification number | Law1 10 343.4073 I N . S 1964 |
| 110 2# - MAIN ENTRY--CORPORATE NAME | |
| Corporate name or jurisdiction name as entry element | université De Paris. |
| Subordinate unit | Institut De Droit Compare |
| 245 13 - TITLE STATEMENT | |
| Title | Le Système Pénal Des États-unis D'amerique / |
| Statement of responsibility, etc. | Institut De Droit Compare De L'université De Paris ; Ouvrage Publié Sous La Direction De Mare Ancel Et Louis B. Schwartz |
| 264 #1 - PRODUCTION, PUBLICATION, DISTRIBUTION, MANUFACTURE, AND COPYRIGHT NOTICE | |
| Place of production, publication, distribution, manufacture | Paris : |
| Name of producer, publisher, distributor, manufacturer | Les Éditions De L'épargne, |
| Date of production, publication, distribution, manufacture, or copyright notice | 1964. |
| 300 ## - PHYSICAL DESCRIPTION | |
| Extent | 273 page, pages non numérotées : |
| Other physical details | tableaux ; |
| Dimensions | 24 cm. |
| 336 ## - CONTENT TYPE | |
| Source | rda contenu |
| Content type term | texte |
| 337 ## - MEDIA TYPE | |
| Source | rda medias |
| Media type term | Ordinateur |
| 338 ## - CARRIER TYPE | |
| Source | transporteur rda |
| Carrier type term | Ressource en ligne |
| 490 0# - SERIES STATEMENT | |
| Series statement | Les Grands Systèmes De Droit Pénal Contemporains ; |
| Volume/sequential designation | 3 |
| 500 ## - GENERAL NOTE | |
| General note | Sous Les Auspices Du<br/>Centre Français De Droit Compare<br/>Avec Le Concours Du<br/>Centre National De La Recherche Scientifiqueles Éditions De L'épargne |
| 504 #3 - BIBLIOGRAPHY, ETC. NOTE | |
| Bibliography, etc. note | Comprend des références bibliographiques.<br/><br/> |
| 546 ## - LANGUAGE NOTE | |
| Language note | Texte en français |
| 650 1# - SUBJECT ADDED ENTRY--TOPICAL TERM | |
| Topical term or geographic name entry element | Droit pénal |
| Source of heading or term | qrmak |
| 651 1# - SUBJECT ADDED ENTRY--GEOGRAPHIC NAME | |
| Source of heading or term | qrmak |
| 700 1# - ADDED ENTRY--PERSONAL NAME | |
| Personal name | Ancel, Mare |
| Relator term | Contributeur |
| 700 1# - ADDED ENTRY--PERSONAL NAME | |
| Personal name | B. Schwartz , Louis |
| Relator term | Contributeur |
| 856 40 - ELECTRONIC LOCATION AND ACCESS | |
| Uniform Resource Identifier | <a href="https://fll.law.cu.edu.eg/fulltext/bks/B10-09555.pdf">https://fll.law.cu.edu.eg/fulltext/bks/B10-09555.pdf</a> |
| 905 ## - Cataloger and Reviser Names | |
| Cataloger Name: | Omar |
| 942 ## - ADDED ENTRY ELEMENTS (KOHA) | |
| Source of classification or shelving scheme | Dewey Decimal Classification |
| Suppress in OPAC | No |
| Koha item type | Books |
| Edition | 21 |
| Withdrawn status | Lost status | Source of classification or shelving scheme | Damaged status | Not for loan | Collection | Home library | Current library | Date acquired | Total checkouts | Full call number | Barcode | Date last seen | Copy number | Price effective from | Koha item type |
|---|---|---|---|---|---|---|---|---|---|---|---|---|---|---|---|
| Dewey Decimal Classification | Not for loan | القانون الجنائي | جــــامعة القــاهرة | مكتبة كلية الحقوق - المبنى الرئيسي | 14.04.2026 | Law1 10 343.4073 I N . S 1964 1009555 C1 | B10-09555 | 14.04.2026 | 1 | 14.04.2026 | Books | ||||
| Dewey Decimal Classification | القانون الجنائي | جــــامعة القــاهرة | مكتبة كلية الحقوق - المبنى الرئيسي | 14.04.2026 | Law1 10 343.4073 I N . S 1964 1009556 C2 | B10-09556 | 14.04.2026 | 2 | 14.04.2026 | Books |